000 00580nmm a2200169Ia 4500
008 251105s9999||||xx |||||||||||||||||und||
020 _a9788437088273
041 _aspa
100 _aGarcía Igual, Arturo
245 0 _aEntre aquella España nuestra... y la peregrina, 2a ed. :
_b Guerra, exilio y desexilio
264 _a[Madrid, España] :
_bPublicaciones de la Universidad de Valencia (PUV),
_c2012
300 _a348 páginas
490 _aLa nau solidària
650 _aHistory of Europe: Spain
856 _uhttps://public.digitaliapublishing.com/a/34896
942 _cCF
999 _c82577
_d82577